| 000 | 01000nam a2200229Ia 4500 | ||
|---|---|---|---|
| 001 | 17162 | ||
| 005 | 20260330121407.0 | ||
| 008 | 260306t2010||||xx |||||||||||||| ||und|| | ||
| 041 | _aESP | ||
| 082 |
_a657.48 _bF64 |
||
| 100 |
_aFlores Soria, Jaime _eAUT |
||
| 245 | 0 | _aFlujo de caja y el estado de flujos de efectivo | |
| 260 | _c2010 | ||
| 300 |
_a606 páginas : _c25 cm. |
||
| 650 | _aGEN | ||
| 654 | _aCCO | ||
| 856 |
_uhttps://itmsp.museknowledge.com/UCSP?url=https://www.ebooks7-24.com:443/?il=6448&pg=4 _zVéase además: Estado de flujos de efectivo, otros flujos de fondos, por Rodrigo Estupiñán Gaitán. Versión digital |
||
| 856 |
_uhttps://0u213uo1w-y-https-ebooks7--24-com.itmsp.museknowledge.com/biblioteca.aspx _zVéase además: Base de datos Ebook7-24 |
||
| 856 |
_uhttps://www.legismovil.pe/lnp.asp _zVéase además: Base de datos LegisMóvil |
||
| 856 |
_uhttps://legal.legis.com.pe/home/Corporativo _zVéase además: Base de datos Multilegis |
||
| 942 |
_cLIB _dJUS _fJUS _2ddc |
||
| 999 |
_c17162 _d17162 |
||